|
|
|
|
| LEADER |
00000nam0a2200000 4500 |
| 001 |
28591 |
| 005 |
20231030202907.0 |
| 035 |
|
|
|a (RuTPU)RU\TPU\book\28848
|
| 035 |
|
|
|a BOOK00000019
|
| 090 |
|
|
|a 28591
|
| 100 |
|
|
|a 20011209d1957 k y0gery50 ba
|
| 101 |
0 |
|
|a ger
|
| 102 |
|
|
|a DE
|
| 105 |
|
|
|a 000|y
|
| 200 |
1 |
|
|a Schaltungen der starkstromtechnik
|f F. Henze
|h Band I
|i Schaltbuldkombinationen in denormten Farben. Schaltungen von Gleichsrommotoren Gleichstromgeneratoren. Wechselstrommotoren Drehstrommotoren. Drehstromgeneratoren
|
| 210 |
|
|
|a Leipzig
|c Fachbuchverlag
|d 1957
|
| 215 |
|
|
|a 246 p.
|
| 610 |
1 |
|
|a электротехника
|
| 610 |
1 |
|
|a напряжение
|
| 610 |
1 |
|
|a высокие напряжения
|
| 675 |
|
|
|a 621.3.027.3
|v 3
|
| 675 |
|
|
|a 621.3.064
|v 3
|
| 700 |
|
1 |
|a Henze
|g Fritz
|
| 801 |
|
0 |
|a DE
|b 63413507
|c 20011209
|g PSBO
|
| 801 |
|
2 |
|a RU
|b 63413507
|c 20140521
|g RCR
|
| 942 |
|
|
|c BK
|